• 首页
  • 本馆介绍
  • 公告通知
  • 最新文献
  • 馆藏检索
  • 电子资源
  • 读者导购
  • 参考咨询
  • 我的图书馆
  • 登录
  • 详细信息显示
  • 放入我的书架
  • 预约/预借图书
  • 作者相关作品
  • 分类相关作品
  • 丛书相关作品
  • 出版社相关作品

书目信息

  • 表格格式
  • 工作单格式
  • 卡片格式
题名:
中文图书数据处理规程
    
 
作者: 甘琳 编著
分册:  
出版信息: 北京   北京图书馆出版社  2000
页数: 125页
开本: 26cm
丛书名:
单 册:
中图分类: G254.364
科图分类:
主题词: 机器可读目录--编目规则--中国 , 机器可读目录 , 编目规则
电子资源:
ISBN: 7-5013-1758-5
000 00809nam0 2200253 45
001 012001019439
005 20070728161954.21
010    @a7-5013-1758-5@dCNY25.00
100    @a20010403d2000 em y0chiy0110 ea
101 0  @achi
102    @aCN@b110000
105    @ay z 000yy
200 1  @a中文图书数据处理规程@9zhong wen tu shu shu ju chu li gui cheng@f甘琳编著
210    @a北京@c北京图书馆出版社@d2000
215    @a125页@d26cm
300    @a《ILAS》培训教材 CRLNet指定使用本
330    @a本书包括:中文图书数据处理质量控制要求;计算机编目概述;机读目录;中文图书数据处理规程等内容。
606 0  @a机器可读目录@x编目规则@y中国
606 0  @a机器可读目录
606 0  @a编目规则
690    @aG254.364@v4
701  0 @a甘琳@9gan lin@4编著
801  0 @aCN@bTSSF@c20070728
905    @a10447@dG254.364@e101
    
    中文图书数据处理规程/甘琳编著.-北京:北京图书馆出版社,2000
    125页;26cm
    《ILAS》培训教材 CRLNet指定使用本
    
    ISBN 7-5013-1758-5:CNY25.00
    本书包括:中文图书数据处理质量控制要求;计算机编目概述;机读目录;中文图书数据处理规程等内容。
●
相关链接 在E读中查询图书 在五车中查询图书 在当当中查询图书 在豆瓣中查询图书


正题名:中文图书数据处理规程     索取号:G254.364/101         预约/预借

序号 登录号 条形码 馆藏地/架位号 状态 备注
1 0783873   207838731   第一样本阅览室/ [索取号:G254.364/101] 在馆    
2 0783874   207838740   第四借阅区/ [索取号:G254.364/101] 在馆    
3 0784881   207848819   第四借阅区/ [索取号:G254.364/101] 在馆    
唐山师范学院图书馆 欢迎您!
大连网信软件有限公司© 版权所有